000 00677nam a2200205 a 4500
001 000011847
005 20240412074228.0
008 091028s1982 dr 001 j spa d
040 _aDO-SdBNP
_bspa
_cBNPHU
082 _aRD863.44
_bC577t
100 1 _aCiprián, Rafael,
_d1959-
_9839
245 1 4 _aLas tristes cavilaciones de Don Jaramillo /
_cRafael Ciprián.
260 _aSanto Domingo :
_bTaller,
_c1982.
300 _a75 p. ;
_c17 cm.
500 _aIncluye datos biográficos del autor en la contracubierta
590 _aInventariado, 2020/VM
650 0 _aCuentos dominicanos
_9176
650 0 _aLiteratura dominicana.
_967
910 _aValidado. Control de calidad MFF
999 _c11521
_d11521